Sanat - "Varpunen jouluaamuna" - Statistics

Yleistilastot
  • Tätä visaa on pelattu 123 kertaa
  • Keskiarvotulos 69 / 85
Vastaustilastot
Vastaus % Oikein
varpu
99%
varpu
99%
on
98%
on
98%
jo
96%
varpunen
96%
jäätynyt
95%
jäätynyt
95%
järven
95%
kukat
95%
Lumi
95%
peittänyt
95%
pienoinen
95%
talvipakkasessa
95%
talvipakkasessa
95%
aalto
94%
laaksosessa
94%
kesä
92%
siemen
92%
siemen
92%
ota
91%
ota
91%
einehen
89%
syönyt
89%
multa
88%
multa
88%
tule
86%
tule
86%
85%
pieni
85%
pieni
85%
taivahasta
85%
En
84%
lintu
84%
maasta
82%
maasta
82%
ole
82%
tulin
82%
veljesi
82%
veljesi
82%
olen
81%
tästä
81%
riemulla
80%
riemulla
80%
koditon
79%
siemenen
79%
siemenen
79%
siemenen
79%
tyttökulta
79%
annoit
78%
jonka
78%
joulu
76%
pienoisen
76%
tänne
76%
kulta
75%
Pienen
75%
portailla
75%
onneton
74%
varpuseni
74%
järvenaalto
73%
kyllä
73%
kyllä
73%
otan
73%
otan
73%
sulta
73%
sulta
73%
enkeleitten
72%
oli
72%
pirtin
72%
lapseni
71%
kiitollisna
69%
kiitollisna
69%
lensi
69%
jumala
68%
sun
68%
sai
67%
sinua
67%
luo
66%
nyt
66%
kerran
65%
tahtoo
65%
Tytön
65%
palkita
64%
riemuiten
62%
köyhällen
51%
Ehtoja vastaavia visoja ei löytynyt
Tulosjakauma
Jokaisen tuloksen saaneiden osuus
Persentiili vastausten määrän mukaan
Tuloshistoriasi
Et ole pelannut tätä visaa